Globalisation, regionalism, and economic activity / (Record no. 17586)
[ view plain ]
| 000 -LEADER | |
|---|---|
| fixed length control field | 01280cam a22003014a 4500 |
| 001 - CONTROL NUMBER | |
| control field | 13007155 |
| 005 - DATE AND TIME OF LATEST TRANSACTION | |
| control field | 20131001131333.0 |
| 008 - FIXED-LENGTH DATA ELEMENTS--GENERAL INFORMATION | |
| fixed length control field | 021120s2003 enka b 101 0 eng |
| 010 ## - LIBRARY OF CONGRESS CONTROL NUMBER | |
| LC control number | 2002041383 |
| 020 ## - INTERNATIONAL STANDARD BOOK NUMBER | |
| International Standard Book Number | 1843761033 |
| 020 ## - INTERNATIONAL STANDARD BOOK NUMBER | |
| International Standard Book Number | 9781843761037 |
| 082 00 - DEWEY DECIMAL CLASSIFICATION NUMBER | |
| Classification number | 337 |
| Edition number | 21 |
| Item number | GLO |
| 245 00 - TITLE STATEMENT | |
| Title | Globalisation, regionalism, and economic activity / |
| Statement of responsibility, etc | edited by Philip Arestis, Michelle Baddeley, John McCombie. |
| 246 3# - VARYING FORM OF TITLE | |
| Title proper/short title | Globalization, regionalism, and economic activity |
| 260 ## - PUBLICATION, DISTRIBUTION, ETC. (IMPRINT) | |
| Place of publication, distribution, etc | Cheltenham, UK ; |
| -- | Northampton, MA : |
| Name of publisher, distributor, etc | Edward Elgar Publishing, |
| Date of publication, distribution, etc | c2003. |
| 300 ## - PHYSICAL DESCRIPTION | |
| Extent | xi, 285 p. : |
| Other physical details | ill. ; |
| Dimensions | 24 cm. |
| 500 ## - GENERAL NOTE | |
| General note | "The chapters in this book were presented as papers at the conference on 'Globalisation, Regionalism and Economic Activity' which was held in Downing College, Cambridge, in April 2002"--P. 1. |
| 504 ## - BIBLIOGRAPHY, ETC. NOTE | |
| Bibliography, etc | Includes bibliographical references and index. |
| 610 20 - SUBJECT ADDED ENTRY--CORPORATE NAME | |
| Corporate name or jurisdiction name as entry element | World Trade Organization |
| Form subdivision | Congresses. |
| 9 (RLIN) | 33865 |
| 650 #0 - SUBJECT ADDED ENTRY--TOPICAL TERM | |
| Topical term or geographic name as entry element | Foreign exchange |
| Form subdivision | Congresses. |
| 9 (RLIN) | 33817 |
| 650 #0 - SUBJECT ADDED ENTRY--TOPICAL TERM | |
| Topical term or geographic name as entry element | Regionalism |
| Form subdivision | Congresses. |
| 9 (RLIN) | 33866 |
| 650 #0 - SUBJECT ADDED ENTRY--TOPICAL TERM | |
| Topical term or geographic name as entry element | Globalization |
| Form subdivision | Congresses. |
| 9 (RLIN) | 33867 |
| 653 ## - INDEX TERM--UNCONTROLLED | |
| Resource For college | |
| Arrived date list | September2013 |
| 700 1# - ADDED ENTRY--PERSONAL NAME | |
| Personal name | Arestis, Philip, |
| Dates associated with a name | 1941- |
| 9 (RLIN) | 33868 |
| 700 1# - ADDED ENTRY--PERSONAL NAME | |
| Personal name | Baddeley, Michelle, |
| Dates associated with a name | 1965- |
| 9 (RLIN) | 33869 |
| 700 1# - ADDED ENTRY--PERSONAL NAME | |
| Personal name | McCombie, J. S. L. |
| 9 (RLIN) | 33870 |
| 942 ## - ADDED ENTRY ELEMENTS (KOHA) | |
| Source of classification or shelving scheme | Dewey Decimal Classification |
| Item type | Book - Borrowing |
| Withdrawn status | Item status | Source of classification or shelving scheme | Damaged status | Not for loan | Vendor | Home library | Current library | Shelving location | Date acquired | Source of acquisition | Total Checkouts | Total Renewals | Full call number | Barcode | Date last seen | Date last borrowed | Koha item type |
|---|---|---|---|---|---|---|---|---|---|---|---|---|---|---|---|---|---|
| Dewey Decimal Classification | Baccah | Central Library | Central Library | First floor | 01/10/2013 | 3 | 1 | 337 GLO | 000029147 | 15/07/2025 | 04/10/2018 | Book - Borrowing | |||||
| Dewey Decimal Classification | Baccah | Central Library | Central Library | First floor | 01/10/2013 | 1 | 7 | 337 GLO | 000029148 | 15/07/2025 | 30/09/2018 | Book - Borrowing |